| 000 | 00668nam a2200157 i 4500 | ||
|---|---|---|---|
| 001 | 98862 | ||
| 003 | ES-MaACL | ||
| 005 | 20230906182409.0 | ||
| 007 | t| | ||
| 008 | 931025s1861 sp ||||1| spa d | ||
| 245 | 0 | 4 |
_aLos Infiernos de Madrid _b: drama en cinco actos, fantástico-filosófico. |
| 260 |
_aMadrid : _b[s.n.], _c1861 ( _fImp. de T. Fortanet) |
||
| 300 |
_a132 p. ; _c18 cm. |
||
| 852 |
_aES-MaACL _jD-2523(4) _z.- Enc. en un vol. facticio _z.- Legado M. de La Fuente |
||
| 852 |
_aES-MaACL _jF-8549(3) _z.- Enc. pasta española _q.- Falto de la cub. original _z.- Enc. en un vol. facticio, formando parte de la col. facticia "Teatro español moderno", vol. 1 |
||
| 999 |
_c98862 _d98862 |
||